logo

Bir Sreshtho Munshi Abdur Rouf Library
Jhenaidah Cadet College

Masterman Ready / (Record no. 7337)

MARC details
000 -LEADER
fixed length control field 00617nam a2200241 a 4500
001 - CONTROL NUMBER
JCCL Control Number 7337
003 - CONTROL NUMBER IDENTIFIER
JCCL marc code BD - JhCC
005 - DATE AND TIME OF LATEST TRANSACTION
control field 20180519103221.0
008 - FIXED-LENGTH DATA ELEMENTS--GENERAL INFORMATION
fixed length control field 950418s1994 enk j 000 1 eng d
020 ## - INTERNATIONAL STANDARD BOOK NUMBER
International Standard Book Number 1854712489
035 ## - SYSTEM CONTROL NUMBER
system control number (BD-JhCC)7337
040 ## - CATALOGING SOURCE
Original cataloging agency OX/U-1
Modifying agency BD-JhCC
041 ## - LANGUAGE CODE
Language code of Book eng
082 ## - DEWEY DECIMAL CLASSIFICATION NUMBER
Author mark and Year MAR 1994
DDC Edition number 23
Classification number 823.8
100 1# - MAIN ENTRY--PERSONAL NAME
Personal name Marryat, Frederick,
Dates associated with a name 1792-1848.
245 10 - TITLE STATEMENT
Title Masterman Ready /
Statement of responsibility, etc Frederick Marryat,
260 ## - PUBLICATION, DISTRIBUTION, ETC. (IMPRINT)
Place of publication, distribution, etc London :
Name of publisher, distributor, etc Bloomsbury,
Date of publication, distribution, etc 1994
300 ## - PHYSICAL DESCRIPTION
Pagination 256 p
650 ## - SUBJECT ADDED ENTRY--TOPICAL TERM
Topical term or geographic name as entry element Adventure stories
830 #0 - SERIES ADDED ENTRY--UNIFORM TITLE
Uniform title Children's classics (Bloomsbury)
942 ## - ADDED ENTRY ELEMENTS (KOHA)
Source of classification or shelving scheme Dewey Decimal Classification
Koha item type Books
Holdings
Source of classification or shelving scheme Damaged status Not for loan Home library Current library Shelving location Total Checkouts Full call number Barcode Date last seen Copy number Koha item type
Dewey Decimal Classification     JCC Rouf Library JCC Rouf Library General Stacks   823.8 MAR 1994 9978 02/08/2018 C - 1 Books

JCC Library | Contacts | JCC Home

Last Update on 23 September 2017
Copyright @ 2017-2020 JCC Rouf Library
Rouf Library, Jhenidah Cadet College (JCC), Bangladesh